Consumer Behavior (Record no. 3539)

MARC details
000 -LEADER
fixed length control field 00331nam a2200145Ia 4500
008 - FIXED-LENGTH DATA ELEMENTS--GENERAL INFORMATION
fixed length control field 191201s2009 xx 000 0 und d
082 ## - DEWEY DECIMAL CLASSIFICATION NUMBER
Classification number 658.87
Item number BLC
100 ## - MAIN ENTRY--PERSONAL NAME
Personal name BLACKWELL, Roger
245 #0 - TITLE STATEMENT
Title Consumer Behavior
250 ## - EDITION STATEMENT
Edition statement Rep.
260 ## - PUBLICATION, DISTRIBUTION, ETC. (IMPRINT)
Place of publication, distribution, etc N.Delhi
Name of publisher, distributor, etc South western
Date of publication, distribution, etc 2009
300 ## - PHYSICAL DESCRIPTION
Extent 784
650 ## - SUBJECT ADDED ENTRY--TOPICAL TERM
Topical term or geographic name as entry element MBA
942 ## - ADDED ENTRY ELEMENTS (KOHA)
Source of classification or shelving scheme Dewey Decimal Classification
Koha item type Text Books
Holdings
Withdrawn status Lost status Source of classification or shelving scheme Damaged status Not for loan Collection code Home library Current library Date acquired Source of acquisition Cost, normal purchase price Bill Number Total Checkouts Full call number Acc. no. / Barcode Date last seen Date last borrowed Bill Date Koha item type Public note Checked out
    Dewey Decimal Classification     MBA PIET C-LIBRARY PIET C-LIBRARY 04/10/2008 J B C, New Delhi 429.00 S1-2287 1 658.8342 BLC 9574 25/11/2023 22/01/2022 06/08/2008 Text Books .  
    Dewey Decimal Classification     MBA PIET C-LIBRARY PIET C-LIBRARY 04/10/2008 J B C, New Delhi 429.00 S1-2287 1 658.8342 BLC 9575 29/01/2025 29/01/2025 06/08/2008 Text Books   18/08/2025
    Dewey Decimal Classification     MBA PIET C-LIBRARY PIET C-LIBRARY 04/10/2008 J B C, New Delhi 429.00 S1-2287   658.8342 BLC 9576 04/12/2019   06/08/2008 Text Books    
    Dewey Decimal Classification     MBA PIET C-LIBRARY PIET C-LIBRARY 04/10/2008 J B C, New Delhi 429.00 S1-2287   658.8342 BLC 9577 04/12/2019   06/08/2008 Text Books    

Design & Developed by: PIET Central Library
R70 Miles Stone Pattikalyana Samalkha Panipat 132102
mail ID :- [email protected], Phone No:- 0180-2569700 Ex.216